000 00572nam a2200217 a 4500
001 0001-2591
003 ELIB.Books
008 200113 2010 eng
020 _a1565633792
092 _a227
_bGou
100 _aGoulder, Micheal D.
245 _aPaul and the Competing Mission in Corinth
260 _aMassachusetts
_bHendrickson Publishers
_c2001
300 _a303
_c23 Cm
650 _aN.T Paul
856 _nKBTS Library
_uKBTS Elib
942 _2ddc
_cBK
990 _a1
998 _aEnglishbooks.elf
_ccat
_e2020-01-13
999 _c12591
_d12591